000 00574nam a22002177a 4500
001 216219330
003 UA-OsUOA
005 20200925095945.0
008 200925b un ||||| |||| 00| 0 ukr d
040 _aUA-OsUOA
_bukr
_cUA-OsUOA
_dUA-OsUOA
041 _aukr
080 _a82.09(476)
090 _a82.09(476)
_bМ74
100 _aМозольков Е.
245 _aЯнка Купала
_cЕвг. Мозольков
260 _aМосква
_bСоветский писатель
_c1949
300 _a181 с.
650 _282
942 _2udc
_cBK
955 _a3
999 _c463464
_d463464